Sensible US Train Station Codes – California - Statistics

General Stats
  • This quiz has been taken 24 times
  • The average score is 11 of 20
Answer Stats
Hint Answer % Correct
ANA Anaheim
100%
SAN San Diego (Santa Fe Depot)
95%
IRV Irvine
90%
SAC Sacramento
90%
BUR Burbank
86%
OXN Oxnard
76%
RIV Riverside
71%
FUL Fullerton
67%
MOD Modesto
67%
RIC Richmond
67%
DAV Davis
62%
HAY Hayward
57%
SIM Simi Valley
57%
LOD Lodi
48%
BAR Barstow
29%
DUN Dunsmuir
19%
SOL Solana Beach
14%
GUA Guadalupe
10%
TRU Truckee
10%
SUI Suisun City
0%
No matching quizzes found
Score Distribution
Percent of People with Each Score
Percentile by Number Answered
Your Score History
You have not taken this quiz